Finite-dimensional vector spaces

Saved in:
Bibliographic Details
Main Author: Halmos, Paul Richard (Author)
Format: Book
Language:English
Published: Nueva York Springer-Verlag 1974
Subjects:
Tags: Add Tag
No Tags, Be the first to tag this record!

MARC

LEADER 00000nam a2200000 a 4500
001 UCQ8371
003 CL-VaPUC
008 981209e19740000US |||||||||||||||||eng|d
082 0 4 |a 512.52  |b HAL  |2 21 
100 |a Halmos, Paul Richard  |e author  |9 591370 
245 1 0 |a Finite-dimensional vector spaces 
300 |a 200 p 
942 |c BK 
945 |d 19981209 00:00:00  |a crobeson 
260 |a Nueva York  |b Springer-Verlag  |c 1974 
650 0 |a Álgebra vectorial   |9 269971 
650 0 |a Transformaciones lineales  |9 24 
650 7 |a POLINIMIOS  |2 CL-VaPUC  |9 422337 
650 0 |a Vectores  |9 317184 
650 0 |a Matrices   |9 22 
583 |a last modification  |c 19981209 00:00:00  |k Rodrigo Vera 
999 |c 277656  |d 277654 
952 |0 0  |1 0  |4 0  |6 512_520000000000000_HAL_1974  |7 0  |8 A  |9 315716  |a BIBMAT  |b BIBMAT  |d 2019-11-20  |i 1301853  |l 3  |m 2  |o 512.52 HAL 1974  |p 1301853  |r 2025-01-07  |s 2022-09-22  |w 2019-11-20  |y BK  |k MAT